000 pam a22 a 4500
999 _c768
_d768
003 AKMAL
005 20170505094119.0
008 170505t2008 my e a000 0 eng d
020 _a9789838613767 (pbk.) :
_cRM10.00
040 _aAKMAL
082 0 4 _a211.6 DAL
_222
090 0 0 _a211.6
_bDAL
100 1 _aDallmayr, Fred
_91668
245 1 0 _aPost-secular faith :
_btoward a religion of service /
_cFred Dallmayr
260 _aPulau Pinang :
_bPenerbit Universiti Sains Malaysia,
_c2008
300 _a24p. ;
_c22cm.
490 1 _aReligion in a globalising world series
504 _aIncludes bibliographical references
650 1 0 _aSecular humanism
_91669
650 2 0 _aHumanism
_91670
830 0 _aReligion in a globalising world series
_91671
942 _2ddc
_cBOOK